Statistiques concernant They Shoot Pictures, Don't They? - films 541 à 560

Cliquez ici pour prendre le quiz!

Statistiques générales

  • Ce quiz a été pris 32 fois
  • Le résultat moyen est 7 sur 20

Statistiques - réponses

Réponse% Correct
La Haine
93%
Piège de cristal
89%
Princesse Mononoké
85%
Le Pont de la rivière Kwai
67%
Memories of Murder
63%
Dead Man
52%
Punch-Drunk Love
48%
Boyhood
26%
Le Docteur Jivago
22%
Je, tu, il, elle
19%
Le diable probablement
19%
Le Temps de l'innocence
19%
Satyricon
19%
L'Ange Bleu
15%
Yeelen
7%
La Symphonie Nuptiale
4%
Nostalgie de la lumière
4%
Terre jaune
4%
Le Voyage de Morvern Callar
0%
Sambizanga
0%

Distribution des résultats

Percentile par nombre de réponses

% des personnes avec chaque résultat

Votre développement - résultats

Vous n’avez pas pris ce quiz